| 000 | 00379nam a2200145 i 4500 | ||
|---|---|---|---|
| 001 | 56801 | ||
| 003 | ES-MaACL | ||
| 005 | 20230906163439.0 | ||
| 007 | t| | ||
| 008 | 031013s1962 sp ||||1| spa d | ||
| 245 | 0 | 0 |
_aAƱos de publicidad / _cDiez. |
| 260 |
_a[S.l. : _bs.n., _c1962] ( _eBarcelona : _fDanis) |
||
| 300 |
_a105 p. ; _c27 cm. |
||
| 852 |
_aES-MaACL _jC-23342 _bR.51895 |
||
| 999 |
_c56801 _d56801 |
||